Actors That Have Worked with Jodie Foster - Statistics

General Stats
  • This quiz has been taken 46 times
    25 since last reset
  • The average score is 9 of 47
Answer Stats
Movies Actors % Correct
The Silence of the Lambs Anthony Hopkins
93%
Taxi Driver Robert De Niro
87%
Inside Man Denzel Washington
60%
Elysium Matt Damon
60%
Nell Liam Neeson
53%
Panic Room Forest Whitaker
47%
Maverick, The Beaver Mel Gibson
47%
Money Monster George Clooney
40%
Panic Room Kristen Stewart
40%
Panic Room Jared Leto
33%
Contact Matthew McConaughey
33%
Sommersby Richard Gere
33%
Alice Doesn't Live Here Anymore, Taxi Driver Harvey Keitel
27%
Money Monster Julia Roberts
27%
Carnage Christoph Waltz
20%
Carnage Kate Winslet
20%
Flightplan Sean Bean
20%
The Brave One Terrence Howard
20%
Inside Man Christopher Plummer
13%
Money Monster Giancarlo Esposito
13%
Napoleon and Samantha Michael Douglas
13%
Home for the Holidays Robert Downey Jr.
13%
Nim's Island Abigail Breslin
7%
The Beaver Anton Yelchin
7%
The Mauritian Benedict Cumberbatch
7%
Hotel Artemis Dave Bautista
7%
The Beaver Jennifer Lawrence
7%
Foxes Laura Dern
7%
Siesta Martin Sheen
7%
Shadows and Fog Woody Allen
7%
Elysium Alice Braga
0%
Anna and the King Bai Ling
0%
Lost Heaven Emile Hirsch
0%
Elysium Faran Tahir
0%
Siesta Gabriel Bryne
0%
Hotel Artemis Jeff Goldblum
0%
Shadows and Fog John Cusack
0%
Shadows and Fog John Malkovich
0%
Catchfire John Turturro
0%
Shadows and Fog Madonna
0%
Lost Heaven Melissa McBride
0%
Becoming Iconic Nicholas Cage
0%
The Blood of Others Sam Neill
0%
Hotel Artemis Sofia Boutella
0%
Five Corners Tim Robbins
0%
Anna and the King Tom Felton
0%
Lost Heaven Vincent D'Onofrio
0%
No matching quizzes found
Score Distribution
Percent of People with Each Score
Percentile by Number Answered
Your Score History
You have not taken this quiz since the last reset